[Event "Matinhos Caioba op 9th"]
[Site "Matinhos"]
[Date "2025.07.04"]
[Round "7"]
[White "Hernandez Guerrero, Gilberto Eduardo"]
[Black "Becker, Rogerio Sperb"]
[Result "1-0"]
[WhiteElo "2429"]
[BlackElo "2127"]
[PlyCount "85"]
[EventDate "2025.06.29"]
[EventType "swiss"]
[EventRounds "9"]
[EventCountry "BRA"]
[SourceTitle "CB28_2025"]
[SourceDate "2025.07.09"]
[SourceVersion "1"]
[SourceVersionDate "2025.07.09"]
[SourceQuality "1"]

1. e4 c5 2. Nf3 Nc6 3. Nc3 a6 4. d4 cxd4 5. Nxd4 e5 6. Nf5 d6 7. Bc4 Bxf5 8. exf5 Nf6 9. Bg5 Be7 10. 0-0 0-0 11. Bxf6 Bxf6 12. Nd5 Ne7 13. Qd3 Nxd5 14. Bxd5 Rb8 15. c3 b5 16. Rfd1 Qb6 17. a3 a5 18. Qe4 Qd8 19. Rd3 Qe7 20. Rad1 Rfc8 21. Bb3 Rb6 22. Rd5 h6 23. g3 Rcc6 24. h4 Qc7 25. Kg2 Rc5 26. R5d3 Qc6 27. Bd5 Qd7 28. R1d2 b4 29. cxb4 axb4 30. axb4 Rcb5 31. Rb3 Qc7 32. Rc2 Qd8 33. Rc4 Rb8 34. Rbc3 Qb6 35. Rc8+ Bd8 36. R3c4 Qa6 37. f6 Rxc8 38. Qg4 Bxf6 39. Rxc8+ Kh7 40. Be4+ g6 41. Rc7 Bg7 42. Rxf7 d5 43. Qd7 1-0

[Event "American Continental Blitz 19th"]
[Site "Foz do Iguacu"]
[Date "2025.05.30"]
[Round "6"]
[White "Caetano, Hugo Zanotti Mendon"]
[Black "Becker, Rogerio Sperb"]
[Result "0-1"]
[WhiteElo "2144"]
[BlackElo "2111"]
[PlyCount "136"]
[EventDate "2025.05.30"]
[EventType "swiss (blitz)"]
[EventRounds "9"]
[EventCountry "BRA"]
[SourceTitle "CB23_2025"]
[SourceDate "2025.06.04"]
[SourceVersion "1"]
[SourceVersionDate "2025.06.04"]
[SourceQuality "1"]

1. c4 Nf6 2. Nf3 c5 3. Nc3 g6 4. g3 Bg7 5. Bg2 0-0 6. 0-0 Nc6 7. d4 cxd4 8. Nxd4 Nxd4 9. Qxd4 Qa5 10. Qd3 d6 11. a3 Qh5 12. Nd5 Nxd5 13. cxd5 Bd7 14. Be3 a6 15. Rac1 Bb5 16. Qd2 Qxe2 17. Qxe2 Bxe2 18. Rfe1 Bg4 19. h3 Bf5 20. Rc7 Bxb2 21. a4 b5 22. axb5 axb5 23. Rxe7 b4 24. Bf4 Rfd8 25. Rb7 Rab8 26. Rxb8 Rxb8 27. Bxd6 Bc3 28. Rc1 Rc8 29. g4 Bd7 30. Be4 b3 31. Ba3 b2 32. Rxc3 Rxc3 33. Bxb2 Rb3 34. Bf6 Kf8 35. Kg2 Ke8 36. Bf3 Bb5 37. d6 Kd7 38. Be7 Bc6 39. Bxc6+ Kxc6 40. f3 Kd7 41. g5 Ke6 42. Kg3 Rd3 43. Kf4 Rd5 44. Kg3 Kf5 45. h4 Rd2 46. Bf8 f6 47. Be7 fxg5 48. hxg5 Rd3 49. Bf6 Rxd6 50. Be7 Rd3 51. Bf6 h5 52. Be7 Rd7 53. Bf6 Rf7 54. Bd8 Rd7 55. Bf6 Rb7 56. Bd8 Rb4 57. Be7 Rc4 58. Bd8 h4+ 59. Kg2 Kf4 60. Bf6 Rc2+ 61. Kh3 Kxf3 62. Be5 Rc4 63. Bd6 Rd4 64. Bc7 Rd1 65. Bh2 Rc1 66. Be5 Rh1+ 67. Bh2 Kf2 68. Kg4 Rxh2 0-1

[Event "American Continental Blitz 19th"]
[Site "Foz do Iguacu"]
[Date "2025.05.30"]
[Round "4"]
[White "Reyes Zavaleta, Cristhian Yamil"]
[Black "Becker, Rogerio Sperb"]
[Result "1-0"]
[WhiteElo "2073"]
[BlackElo "2111"]
[PlyCount "64"]
[EventDate "2025.05.30"]
[EventType "swiss (blitz)"]
[EventRounds "9"]
[EventCountry "BRA"]
[SourceTitle "CB23_2025"]
[SourceDate "2025.06.04"]
[SourceVersion "1"]
[SourceVersionDate "2025.06.04"]
[SourceQuality "1"]

1. d4 Nf6 2. c4 e6 3. g3 c5 4. Nf3 d5 5. Bg2 Nc6 6. 0-0 Be7 7. Nc3 0-0 8. cxd5 exd5 9. Bf4 a6 10. a3 Re8 11. Rc1 c4 12. Ne5 Na5 13. e4 Nb3 14. Rc2 dxe4 15. Nxe4 Qxd4 16. Rxc4 Qxb2 17. Nd3 Qxa3 18. Rc3 Be6 19. Nd2 Red8 20. Nxb3 Bb4 21. Bc1 Qa4 22. Ndc5 Rxd1 23. Rxd1 Qb5 24. Bf1 Qe8 25. Rc2 Rd8 26. Rxd8 Qxd8 27. Bd2 Bxd2 28. Rxd2 Qb6 29. Nxe6 fxe6 30. Nd4 Nd5 31. Bh3 Nc7 32. Nf3 h6 1-0

[Event "American Continental 19th"]
[Site "Foz do Iguacu"]
[Date "2025.05.25"]
[Round "4"]
[White "Medeiros, Thauane Ferreira"]
[Black "Becker, Rogerio Sperb"]
[Result "0-1"]
[WhiteElo "1972"]
[BlackElo "2111"]
[PlyCount "76"]
[EventDate "2025.05.23"]
[EventType "swiss"]
[EventRounds "11"]
[EventCountry "BRA"]
[SourceTitle "CB23_2025"]
[SourceDate "2025.06.04"]
[SourceVersion "1"]
[SourceVersionDate "2025.06.04"]
[SourceQuality "1"]

1. d4 Nf6 2. Bf4 g6 3. e3 Bg7 4. Nf3 0-0 5. h3 b6 6. Be2 Bb7 7. 0-0 d6 8. c3 Nbd7 9. Bh2 Qe8 10. Re1 e5 11. a4 e4 12. Nfd2 a6 13. b4 Qe7 14. Nb3 Nd5 15. Ra2 f5 16. Qd2 Kh8 17. c4 N5f6 18. Rc2 g5 19. Na3 g4 20. hxg4 Nxg4 21. Bg3 Ndf6 22. c5 Nh5 23. cxd6 cxd6 24. Bxg4 fxg4 25. Rec1 Nxg3 26. Rc7 Qe6 27. Rxb7 Qxb3 28. fxg3 Qxa3 29. Rcc7 Qa1+ 30. Rc1 Qxa4 31. Rcc7 Qa1+ 32. Rc1 Qa3 33. Rbc7 Rf6 34. R7c3 Qa4 35. Rc7 Raf8 36. Kh2 Qb5 37. Rd1 Qh5+ 38. Kg1 Rh6 0-1

[Event "Cidreira op"]
[Site "Cidreira"]
[Date "2025.05.01"]
[Round "1"]
[White "Matos, Amaury"]
[Black "Becker, Rogerio Sperb"]
[Result "0-1"]
[WhiteElo "1687"]
[BlackElo "2111"]
[PlyCount "82"]
[EventDate "2025.05.01"]
[EventType "swiss"]
[EventRounds "7"]
[EventCountry "BRA"]
[SourceTitle "CB19_2025"]
[SourceDate "2025.05.07"]
[SourceVersion "1"]
[SourceVersionDate "2025.05.07"]
[SourceQuality "1"]

1. d4 Nf6 2. Bf4 g6 3. Nc3 d5 4. Nf3 Bg7 5. Qd2 Ne4 6. Nxe4 dxe4 7. Ne5 Nd7 8. Nxd7 Qxd7 9. e3 0-0 10. Be2 c5 11. c3 Rd8 12. 0-0-0 Qa4 13. b3 Qa5 14. Qc2 Be6 15. Be5 f6 16. Bg3 f5 17. Be5 Bxe5 18. dxe5 Rxd1+ 19. Rxd1 Qc7 20. f4 exf3 21. Bxf3 Qxe5 22. Bxb7 Rb8 23. Bf3 c4 24. b4 Rxb4 25. h3 Rb6 26. Rd8+ Kg7 27. Qd2 Rd6 28. Rxd6 Qxd6 29. Qd4+ Qxd4 30. cxd4 Kf6 31. a3 c3 32. Bd1 Bd5 33. g3 Be4 34. Ba4 e5 35. h4 exd4 36. exd4 Ke6 37. Bb3+ Bd5 38. a4 c2 39. Bxd5+ Kxd5 40. Kd2 Kxd4 41. Kxc2 Ke3 0-1

[Event "Florianopolis op 11th"]
[Site "Florianopolis"]
[Date "2025.01.23"]
[Round "7"]
[White "Becker, Rogerio Sperb"]
[Black "De Almeida, Olivan Duarte"]
[Result "1-0"]
[WhiteElo "2126"]
[BlackElo "1674"]
[PlyCount "79"]
[EventDate "2025.01.18"]
[EventType "swiss"]
[EventRounds "10"]
[EventCountry "BRA"]
[SourceTitle "CB05_2025"]
[SourceDate "2025.01.29"]
[SourceVersion "1"]
[SourceVersionDate "2025.01.29"]
[SourceQuality "1"]

1. c4 e6 2. g3 Nf6 3. Bg2 Be7 4. Nc3 0-0 5. e4 d6 6. d4 c5 7. d5 exd5 8. cxd5 Bg4 9. f3 Bh5 10. Nge2 Nbd7 11. 0-0 c4 12. h3 a6 13. a4 Qb6+ 14. Kh2 h6 15. Nf4 Rfe8 16. Qe2 Rac8 17. Be3 Qc7 18. Rae1 Rb8 19. Bd4 Bg6 20. Nxg6 fxg6 21. Qc2 Nh7 22. f4 Bf6 23. Ne2 Bxd4 24. Nxd4 Nhf8 25. Re2 b5 26. axb5 axb5 27. Nc6 Nc5 28. Nxb8 Rxb8 29. Re3 Qb6 30. e5 Nd3 31. Rxd3 cxd3 32. Qxd3 dxe5 33. fxe5 Rd8 34. d6 Qc5 35. Qd5+ Qxd5 36. Bxd5+ Kh7 37. Rxf8 Rxf8 38. e6 Rd8 39. d7 h5 40. Bc6 1-0

[Event "Florianopolis op 11th"]
[Site "Florianopolis"]
[Date "2025.01.20"]
[Round "3"]
[White "Becker, Rogerio Sperb"]
[Black "Shoker, Samy"]
[Result "0-1"]
[WhiteElo "2126"]
[BlackElo "2446"]
[PlyCount "146"]
[EventDate "2025.01.18"]
[EventType "swiss"]
[EventRounds "10"]
[EventCountry "BRA"]
[SourceTitle "CB05_2025"]
[SourceDate "2025.01.29"]
[SourceVersion "1"]
[SourceVersionDate "2025.01.29"]
[SourceQuality "1"]

1. c4 g6 2. g3 Bg7 3. Bg2 Nf6 4. Nc3 0-0 5. d4 d6 6. h3 Nc6 7. Nf3 a6 8. 0-0 Rb8 9. e4 Nd7 10. Be3 Na5 11. b3 b5 12. cxb5 axb5 13. Rc1 b4 14. Na4 Ba6 15. Re1 Bb5 16. Nb2 c5 17. Nd3 Nb7 18. dxc5 dxc5 19. e5 Qa5 20. e6 fxe6 21. Nf4 Nd8 22. Ng5 Rb6 23. Bf1 Rd6 24. Qc2 Bxf1 25. Rxf1 c4 26. Ne4 cxb3 27. Qxb3 Ra6 28. Nc5 Nxc5 29. Rxc5 Qxa2 30. Qxb4 Nf7 31. Qc4 Qxc4 32. Rxc4 Bf6 33. Rb1 Nd6 34. Rcb4 Kf7 35. Rb8 Rxb8 36. Rxb8 Nc4 37. Rb3 Ra1+ 38. Kg2 Ra2 39. h4 Rc2 40. Nh3 h5 41. Nf4 Be5 42. Nh3 Bf6 43. Nf4 Nd6 44. Nh3 Nf5 45. Nf4 Be5 46. Rd3 Bd6 47. Kf3 Be5 48. Nh3 Bf6 49. Kg2 e5 50. Rb3 Rc4 51. Ra3 Ke8 52. Ra8+ Kd7 53. Ra7+ Kc6 54. Ra6+ Kd5 55. Bg5 Nd6 56. Be3 Rc2 57. Ra5+ Ke6 58. Ra6 Kf5 59. Ra3 Nc4 60. Rb3 e4 61. Nf4 Be5 62. Nh3 Nxe3+ 63. Rxe3 Bd4 64. Rb3 e3 65. Rb5+ e5 66. Rb1 exf2 67. Ng5 e4 68. Rb5+ Rc5 69. Rb8 Rc1 70. Rf8+ Ke5 71. Re8+ Kd6 72. Nxe4+ Kd7 73. Rf8 Rg1+ 0-1

[Event "Florianopolis op 11th"]
[Site "Florianopolis"]
[Date "2025.01.19"]
[Round "2"]
[White "Duarte, Eduardo Henrique"]
[Black "Becker, Rogerio Sperb"]
[Result "0-1"]
[WhiteElo "1850"]
[BlackElo "2126"]
[PlyCount "74"]
[EventDate "2025.01.18"]
[EventType "swiss"]
[EventRounds "10"]
[EventCountry "BRA"]
[SourceTitle "CB05_2025"]
[SourceDate "2025.01.29"]
[SourceVersion "1"]
[SourceVersionDate "2025.01.29"]
[SourceQuality "1"]

1. c4 Nf6 2. Nc3 g6 3. g3 Bg7 4. Bg2 0-0 5. Nf3 c5 6. 0-0 Nc6 7. d3 d6 8. h3 a6 9. Be3 Rb8 10. Qc1 Re8 11. Bh6 Bh8 12. Rd1 b5 13. cxb5 axb5 14. Ne4 Nxe4 15. dxe4 Nd4 16. Nxd4 Bxd4 17. Be3 Bg7 18. Bxc5 Be6 19. Bd4 Bxd4 20. Rxd4 b4 21. Qh6 Qb6 22. e3 Qc5 23. Kh2 Qe5 24. f4 Qg7 25. Qg5 f6 26. Qa5 b3 27. a3 Rec8 28. Rad1 Rc2 29. R1d2 Rbc8 30. f5 Bf7 31. Qa6 R8c5 32. Qe2 Qf8 33. Qd1 Qc8 34. g4 g5 35. Bf1 Qc7 36. Kg2 Qb6 37. Rb4 Rxd2+ 0-1

[Event "Rio de Janeiro Duchamp op 5th"]
[Site "Rio de Janeiro"]
[Date "2024.12.07"]
[Round "8"]
[White "Becker, Rogerio Sperb"]
[Black "Correia, Max do Carmo"]
[Result "1-0"]
[WhiteElo "2115"]
[BlackElo "1983"]
[PlyCount "103"]
[EventDate "2024.12.02"]
[EventType "swiss"]
[EventRounds "9"]
[EventCountry "BRA"]
[SourceTitle "CB50_2024"]
[SourceDate "2024.11.01"]
[SourceVersion "1"]
[SourceVersionDate "2024.11.01"]
[SourceQuality "2"]

1. c4 c6 2. Nf3 d5 3. g3 Nf6 4. Bg2 Bf5 5. Qb3 Qb6 6. d3 Nbd7 7. Be3 Qc7 8. Nc3 dxc4 9. Qxc4 Be6 10. Qh4 Nd5 11. Bd2 f6 12. Rc1 Nxc3 13. Bxc3 Bxa2 14. 0-0 e5 15. d4 Bd6 16. dxe5 Nxe5 17. Nd4 Qf7 18. Nf5 Bc7 19. Qb4 Be6 20. Qxb7 0-0 21. Nd4 Rab8 22. Qxa7 Bc4 23. Nxc6 Nxc6 24. Bxc6 Bxe2 25. Rfe1 Bc4 26. Rcd1 Rfd8 27. Qc5 Rxd1 28. Rxd1 Bb6 29. Qxc4 Qxc4 30. Bd5+ Qxd5 31. Rxd5 Rb7 32. Kf1 Re7 33. Bd4 Bxd4 34. Rxd4 Rb7 35. b4 Kf7 36. Ke2 Ke6 37. Kd3 Ke5 38. h4 g5 39. Rc4 Kf5 40. Kc3 h5 41. f3 Ra7 42. g4+ hxg4 43. fxg4+ Ke5 44. hxg5 fxg5 45. b5 Kd5 46. Kb4 Ke5 47. b6 Rb7 48. Kb5 Rb8 49. Ka6 Ra8+ 50. Kb7 Rf8 51. Ka7 Kd5 52. Ra4 1-0

[Event "Rio de Janeiro Duchamp op 5th"]
[Site "Rio de Janeiro"]
[Date "2024.12.02"]
[Round "2"]
[White "Becker, Rogerio Sperb"]
[Black "Fucs, Paulo Moses"]
[Result "1/2-1/2"]
[WhiteElo "2115"]
[BlackElo "1917"]
[PlyCount "107"]
[EventDate "2024.12.02"]
[EventType "swiss"]
[EventRounds "9"]
[EventCountry "BRA"]
[SourceTitle "CB50_2024"]
[SourceDate "2024.11.01"]
[SourceVersion "1"]
[SourceVersionDate "2024.11.01"]
[SourceQuality "2"]

1. c4 c5 2. g3 Nf6 3. Bg2 Nc6 4. Nc3 g6 5. Nf3 Bg7 6. 0-0 0-0 7. d4 d5 8. cxd5 Nxd5 9. Nxd5 Qxd5 10. Be3 cxd4 11. Nxd4 Qc4 12. Nxc6 bxc6 13. Qb3 Qxe2 14. Bxc6 Be6 15. Qa4 Rac8 16. Bxa7 Bxb2 17. Rab1 Bf6 18. a3 h5 19. Rfe1 Qd3 20. Be4 Qd6 21. Rbd1 Rc4 22. Qxc4 Bxc4 23. Rxd6 exd6 24. Bc6 d5 25. f4 d4 26. a4 Bb3 27. a5 d3 28. Be3 Bc3 29. Rf1 Bxa5 30. Bf3 Rd8 31. Kf2 Bc2 32. Ra1 Bc3 33. Ra3 Rc8 34. Ra7 d2 35. Rd7 Ba4 36. Rd6 Bb4 37. Rd5 Rb8 38. Rd3 Bc2 39. Rd5 Bb3 40. Rd3 Bc4 41. Rd4 Rc8 42. Be2 Bc3 43. Rd6 Bb4 44. Rd4 Ba5 45. Bxc4 Rxc4 46. Ke2 Rc1 47. Bxd2 Bxd2 48. Rxd2 Kg7 49. Kf3 Rc3+ 50. Ke4 f5+ 51. Kd4 Rf3 52. Rd3 Rf2 53. h4 Kf6 54. Ra3 1/2-1/2

[Event "Pan American-ch U2300"]
[Site "Balneario Camboriu"]
[Date "2024.09.26"]
[Round "4"]
[White "Becker, Rogerio Sperb"]
[Black "Hernandez Ojeda, Garry Anatholy"]
[Result "1-0"]
[WhiteElo "2085"]
[BlackElo "2046"]
[PlyCount "83"]
[EventDate "2024.09.24"]
[EventType "swiss"]
[EventRounds "9"]
[EventCountry "BRA"]
[SourceTitle "EXT 2025"]
[Source "ChessBase"]
[SourceDate "2024.10.14"]
[SourceVersion "1"]
[SourceVersionDate "2024.10.14"]
[SourceQuality "1"]

1. c4 Nf6 2. g3 g6 3. Bg2 Bg7 4. Nc3 0-0 5. d4 d6 6. h3 c5 7. dxc5 dxc5 8. Qxd8 Rxd8 9. Be3 Nc6 10. Bxc6 bxc6 11. Rc1 Be6 12. b3 Nd7 13. Nf3 Bxc3+ 14. Rxc3 a5 15. Ng5 a4 16. Nxe6 fxe6 17. 0-0 axb3 18. axb3 Nf6 19. f3 Ra2 20. Re1 Rb8 21. Bxc5 Kf7 22. Kf2 Rb2 23. b4 Nd7 24. Ra1 Nxc5 25. bxc5 Rd2 26. Ra6 Rc8 27. Rb3 Rc2 28. Rbb6 Rxc4 29. Rxc6 Rxc5 30. Rxe6 R8c7 31. g4 Rc2 32. Re5 R7c5 33. Ra5 Rxa5 34. Rxa5 Rc1 35. h4 Rh1 36. Kg3 Re1 37. e4 Re3 38. Kf4 Re1 39. h5 Re2 40. h6 Rf2 41. g5 Rf1 42. Ra8 1-0

[Event "WchT Seniors 50"]
[Site "Krakow"]
[Date "2024.07.02"]
[Round "1.2"]
[White "Becker, Rogerio Sperb"]
[Black "Shabalov, Alexander"]
[Result "0-1"]
[WhiteElo "2053"]
[BlackElo "2460"]
[PlyCount "64"]
[EventDate "2024.07.02"]
[EventType "team-swiss"]
[EventRounds "9"]
[EventCountry "POL"]
[SourceTitle "CBM 221 Extra"]
[Source "ChessBase"]
[SourceDate "2024.09.30"]
[SourceVersion "1"]
[SourceVersionDate "2024.09.30"]
[SourceQuality "1"]
[WhiteTeam "Brazil 50"]
[BlackTeam "USA 50"]
[WhiteTeamCountry "BRA"]
[BlackTeamCountry "USA"]

1. c4 Nf6 2. g3 e6 3. Bg2 d5 4. Nf3 Bd6 5. 0-0 0-0 6. b3 b6 7. cxd5 exd5 8. Nc3 Re8 9. Bb2 Bb7 10. Rc1 a6 11. d4 Nbd7 12. e3 Rc8 13. Ne1 Ne4 14. Nd3 Ndf6 15. b4 c6 16. a3 a5 17. bxa5 Ba6 18. axb6 Qxb6 19. Rb1 Qa5 20. Qc2 c5 21. Rfc1 cxd4 22. exd4 Ng4 23. Bxe4 dxe4 24. Ne5 Bxe5 25. dxe5 Bd3 26. Qd1 Nxe5 27. Ra1 Nf3+ 28. Kg2 Qh5 29. h3 Rc6 30. Qa4 Rce6 31. Nd1 Ne1+ 32. Kg1 Qxh3 0-1

[Event "Florianopolis op 10th"]
[Site "Florianopolis"]
[Date "2024.01.26"]
[Round "8"]
[White "Pedroso, Denian"]
[Black "Becker, Rogerio Sperb"]
[Result "1-0"]
[WhiteElo "1924"]
[BlackElo "2114"]
[PlyCount "71"]
[EventDate "2024.01.20"]
[EventType "swiss"]
[EventRounds "10"]
[EventCountry "BRA"]
[SourceTitle "EXT 2025"]
[Source "ChessBase"]
[SourceDate "2024.10.14"]
[SourceVersion "1"]
[SourceVersionDate "2024.10.14"]
[SourceQuality "1"]

1. e4 c6 2. d4 d5 3. e5 Bf5 4. Nf3 e6 5. Be3 Nd7 6. Nbd2 Ne7 7. Nb3 Bg4 8. Be2 Nf5 9. 0-0 Be7 10. Qd2 0-0 11. h3 Bxf3 12. Bxf3 c5 13. c3 Rc8 14. g4 Nxe3 15. fxe3 f6 16. exf6 Nxf6 17. Nc1 h6 18. Nd3 Bd6 19. Qg2 Qb6 20. Kh1 c4 21. Nf4 Bxf4 22. exf4 Qd6 23. g5 hxg5 24. fxg5 Nd7 25. Bg4 Rxf1+ 26. Rxf1 Rf8 27. h4 Rxf1+ 28. Qxf1 Nf8 29. Qe2 Kf7 30. Qf3+ Ke8 31. Bh5+ g6 32. Bg4 Qb6 33. Qe2 Qd6 34. Kg2 Kd7 35. Qf3 Qe7 36. Qxd5+ 1-0

[Event "Wch Seniors 50 31st"]
[Site "Terassini"]
[Date "2023.10.27"]
[Round "3"]
[White "Becker, Rogerio Sperb"]
[Black "Godena, Michele"]
[Result "1/2-1/2"]
[WhiteElo "2102"]
[BlackElo "2441"]
[PlyCount "134"]
[EventDate "2023.10.25"]
[EventType "swiss"]
[EventRounds "11"]
[EventCountry "ITA"]
[SourceTitle "CBM 217 Extra"]
[Source "ChessBase"]
[SourceDate "2024.01.31"]
[SourceVersion "1"]
[SourceVersionDate "2024.01.31"]
[SourceQuality "1"]

1. c4 e5 2. g3 c6 3. d4 exd4 4. Qxd4 Nf6 5. Nc3 Na6 6. Bg2 d5 7. cxd5 Nb4 8. Qd1 Nbxd5 9. Nxd5 Nxd5 10. Nf3 Bc5 11. 0-0 0-0 12. Qc2 Bb6 13. a3 Re8 14. b3 Qf6 15. Bb2 Bf5 16. Qd2 Qe7 17. Nd4 Be4 18. Bxe4 Qxe4 19. e3 Rad8 20. b4 Nc7 21. Qc1 Bxd4 22. Bxd4 Ne6 23. f3 Nxd4 24. fxe4 Ne2+ 25. Kf2 Nxc1 26. Raxc1 Rxe4 27. b5 cxb5 28. Rc7 f5 29. Rxb7 Rd2+ 30. Kg1 Rxe3 31. Rxa7 h6 32. Rf2 Re1+ 33. Kg2 Ree2 34. Rxe2 Rxe2+ 35. Kg1 Kh7 36. Ra6 Ra2 37. Rb6 Rxa3 38. Rxb5 Kg6 39. Rb7 Kf6 40. Rc7 Ra1+ 41. Kg2 Ra2+ 42. Kg1 g6 43. Rc6+ Kg5 44. Rb6 Rd2 45. Ra6 Kg4 46. Rxg6+ Kf3 47. h4 Rg2+ 48. Kf1 f4 49. Ra6 Rf2+ 50. Kg1 Kxg3 51. Rg6+ Kf3 52. Rxh6 Rg2+ 53. Kf1 Ra2 54. Kg1 Rg2+ 55. Kf1 Rd2 56. Kg1 Rd1+ 57. Kh2 Kf2 58. Rf6 f3 59. Rf8 Ke2 60. Re8+ Kf1 61. Kg3 f2 62. Rf8 Rd3+ 63. Kg4 Kg2 64. Rxf2+ Kxf2 65. h5 Rd6 66. Kg5 Kg3 67. h6 Rxh6 1/2-1/2